Statistics for Inside Jokes - One Direction

Click here to take the quiz!

General Stats

  • This quiz has been taken 85 times
  • The average score is 31 of 51

Answer Stats

SentenceAnswer% Correct
Zayn: Vas ___!happenin'
93%
Harry: This is a family show... ___?or is it
93%
Louis: NO! Jimmy ___protested
93%
Louis: I like girls who ___eat carrots
91%
Liam: I have a strange fear of ___spoons
91%
Harry: Cute as a ___ every single one of youbutton
89%
Harry: apart from my drug tests, they're all ___negative
89%
Louis: Well what do you bring Liam? ___NO HAIR
89%
Louis: Niall the bad boy? Give it a rest... Niall the ___ more likechurch boy
88%
Harry: GET OUT OF MY ___!KITCHEN
88%
Zayn: ___, you idiot!Louis
86%
Harry: London's ___quite big
84%
Niall: We took a ___chonce
81%
Niall: Pranks, ___, ... AH!laughs
81%
Niall: Come on Barbie, ___, ah-ah-ah-yeahlet's go party
81%
Louis: It says "do not dial nine", so... ___I dialed nine
79%
Louis: SHE'S ___!MINE
79%
Liam: you stay exactly where you are beacuse you are ___per-fect
79%
Louis: Can anyone hear ___?running water
79%
Niall: Just chillin' out ___in me box
75%
Harry: Two bananas for a pound, ___three bananas for a euro
75%
James Corden: no the ___ doesn't talk, Louis!cat
72%
Harry: I have a son, his name is Ishmael, ___he never calls me anymore
70%
Harry: Phisically, I'm fine. ___Emotionally, I'm bruised
68%
Louis: Forget what they taught you in the scouts, Payno, ___we're doing it the Tommo way
68%
"I don't know why you're being shy" Niall: ___?why you so shy
67%
Zayn: I wouldn't date any of you, 'cause none of you ___picked me
65%
Louis: That's your fucking job, you ___fucking loser
63%
Harry: I'm tired and ___it's winter
63%
Zayn: I didn't learn anything in ___Japan
61%
Liam: ___ mate, straight upDinosaurs
49%
Louis: Chicken, stuffed with ___, wrapped in Parma ___, with some homemade ___mozzarella, ham, mash
49%
Zayn: ___? Malibu, Malibu sorryMalabami
46%
Niall: Well I'll tell you what ___, you are unbeliavableSherlock Holmes
46%
Niall: I LOVE ___! (Louis: Thank you, ___)DUCKS, Niall
44%
Harry: ___ me LiamExcuse
44%
"We love you Niall" Niall: ___I LOVE ME
44%
Zayn: I'd always ___, Louissave you
44%
Zayn: All day, all night, ___, ___dj Malik
42%
Liam: older women love me, especially ___your mom
42%
Liam: It's dj ___ in da housePayne
40%
Liam: what's wrong with ___?avocados
37%
Liam: can you ___ or not?read
37%
Niall: Ah... watcha do ___?that for
37%
Liam: stop it man, my ___ is on fire!arse
32%
Liam: I've got that ___ that will make your lady crazyOne D
32%
Zayn: I drank too much ___energy juice
25%
Zayn: ONE ___ to the bitches in the houseBILLION
21%
Niall: Welcome to my ___fridge
21%
Zayn: When it takes off, it's gonna do a ___ in the airloop-the-loop
19%
"how can I die for Liam Payne without being dramatic?" Liam: ___alone
16%

Score Distribution

Percentile by Number Answered

Percent of People with Each Score

Your Score History

You have not taken this quiz